|
|
|
|
| LEADER |
00000nas a2200000 i 4500 |
| 001 |
ssj0002316 |
| 003 |
WaSeSS |
| 005 |
20200512172242.0 |
| 006 |
m d |
| 007 |
cr n |
| 008 |
050615c19489999dcumr pss s f0 a0eng c |
| 010 |
|
|
|a 2006230178
|
| 022 |
|
|
|a 1933-3919
|l 0013-0125
|y 0013-0125
|
| 030 |
|
|
|a ECINA3
|
| 035 |
|
|
|a (WaSeSS)ssj0002316
|
| 037 |
|
|
|a 752-004-00000-5
|b Paper subscription available from: Supt. of Docs., P.O. Box 979050, St. Louis, MO 63197-9000
|
| 037 |
|
|
|a 99-136
|b LLMC
|
| 040 |
|
|
|a OCLCS
|b eng
|e pn
|c OCLCS
|d GPO
|d NSD
|d OCLCQ
|d GPO
|d OCLCQ
|d LLMC2
|d GPO
|d GBT
|d GPO
|d OCLCQ
|d P4I
|d INR
|d OCLCA
|d COO
|d OCLCF
|d OCLCO
|d OCLCQ
|d DOS
|d OCLCO
|d AZU
|d AU@
|d FJM
|d CO3
|d FGA
|d PSM
|d OCLCE
|d OCLCQ
|d OCLCO
|d ZQP
|d OCLCO
|d VT2
|d WaSeSS
|
| 042 |
|
|
|a pcc
|a nsdp
|
| 043 |
|
|
|a n-us---
|
| 050 |
|
4 |
|a HC101
|b .A186
|
| 074 |
|
|
|a 0997-A (online)
|
| 082 |
1 |
0 |
|a 330
|2 14
|
| 086 |
0 |
|
|a Y 4.EC 7:EC 7/
|
| 130 |
0 |
|
|a Economic indicators (Washington, D.C. : 1948)
|
| 222 |
|
0 |
|a Economic indicators
|b (Washington, D.C. : 1948 : Online)
|
| 245 |
1 |
0 |
|a Economic indicators
|h [electronic resource] /
|c prepared for the Joint Committee on the Economic Report by the Council of Economic Advisers and printed for the use of the Joint Committee on the Economic Report.
|
| 260 |
|
|
|a Washington :
|b United States Government Printing Office,
|c 1948-
|
| 310 |
|
|
|a Monthly
|
| 362 |
1 |
|
|a Began with May 1948.
|
| 506 |
|
|
|a License restrictions may limit access.
|
| 550 |
|
|
|a Volumes for August 1956- prepared for the Joint Economic Committee.
|
| 588 |
0 |
|
|a May 1948; title from PDF title screen (FRASER, viewed July 20, 2016).
|
| 588 |
1 |
|
|a June 2016 (FEDSYS web site, viewed July 20, 2016).
|
| 648 |
|
7 |
|a Since 1945
|2 fast
|
| 650 |
|
0 |
|a Economic indicators
|z United States
|v Periodicals.
|
| 650 |
|
6 |
|a Indicateurs économiques
|z États-Unis
|v Périodiques.
|
| 650 |
|
7 |
|a Economic history.
|2 fast
|0 (OCoLC)fst00901974
|
| 650 |
|
7 |
|a Economic indicators.
|2 fast
|0 (OCoLC)fst00901996
|
| 650 |
1 |
7 |
|a ECONOMIC INDICATORS.
|2 unbist
|
| 650 |
1 |
7 |
|a ECONOMIC STATISTICS.
|2 unbist
|
| 650 |
1 |
7 |
|a UNITED STATES.
|2 unbist
|
| 651 |
|
0 |
|a United States
|x Economic conditions
|y 1945-
|v Statistics
|v Periodicals.
|
| 651 |
|
6 |
|a États-Unis
|x Conditions économiques
|y 1945-
|v Statistiques
|v Périodiques.
|
| 651 |
|
7 |
|a United States.
|2 fast
|0 (OCoLC)fst01204155
|
| 655 |
|
0 |
|a Electronic journals.
|
| 710 |
1 |
|
|3 May 1948-July 1956:
|a United States.
|b Congress.
|b Joint Committee on the Economic Report.
|
| 710 |
1 |
|
|3 August 1956-:
|a United States.
|b Congress.
|b Joint Economic Committee.
|
| 710 |
2 |
|
|a Council of Economic Advisers (U.S.)
|
| 776 |
0 |
8 |
|i Paper version:
|t Economic indicators (Washington, D.C. : 1948)
|x 0013-0125
|w (DLC) 48046615
|w (OCoLC)1567401
|
| 856 |
4 |
0 |
|z Full text available from Research Library: 09/01/1994 to present
|u https://search.proquest.com/publication/41743
|